Design of concrete structures (Record no. 3628)

000 -LEADER
fixed length control field 00663nam a2200229 a 4500
001 - CONTROL NUMBER
control field 3628
003 - CONTROL NUMBER IDENTIFIER
control field BD-DhUET
008 - FIXED-LENGTH DATA ELEMENTS--GENERAL INFORMATION
fixed length control field 850621s1985 enka b 101 0 eng
020 ## - INTERNATIONAL STANDARD BOOK NUMBER
International Standard Book Number 007Y665486
040 ## - CATALOGING SOURCE
Original cataloging agency DLC
Transcribing agency DLC
Modifying agency BD-DhUET
082 00 - DEWEY DECIMAL CLASSIFICATION NUMBER
Classification number 624.183
Item number NIL/1986
100 ## - MAIN ENTRY--PERSONAL NAME
Personal name Nilson, Arthur H.
245 00 - TITLE STATEMENT
Title Design of concrete structures
Statement of responsibility, etc. by Arthur H. Nilson and George Winter
250 ## - EDITION STATEMENT
Edition statement 10th ed.
260 ## - PUBLICATION, DISTRIBUTION, ETC. (IMPRINT)
Place of publication, distribution, etc. New York:
Name of publisher, distributor, etc. McGraw Hill Book Company,
Date of publication, distribution, etc. 1986.
300 ## - PHYSICAL DESCRIPTION
Extent xi, 380 p. :
Other physical details ill. ;
Dimensions 23 cm.
490 ## - SERIES STATEMENT
Series statement Civil engineering series
504 ## - BIBLIOGRAPHY, ETC. NOTE
Bibliography, etc Includes bibliographies
650 #0 - SUBJECT ADDED ENTRY--TOPICAL TERM
Topical term or geographic name as entry element Reinforced concrete
700 ## - ADDED ENTRY--PERSONAL NAME
Personal name Winter, George
942 ## - ADDED ENTRY ELEMENTS (KOHA)
Koha item type General Book
Holdings
Koha full call number Koha normalized classification for sorting Damaged status Koha renewals Koha out on loan Shelving location Lost status Koha issues (times borrowed) Not for loan Koha date last seen Location (home branch) Koha date last borrowed Piece designation (barcode) Source of classification or shelving scheme Date acquired Koha item type Copy number Withdrawn status Price effective from Sublocation or collection (holding branch)
624.183/NIL/1986624_000000000000000_183NIL1986 12027-02-23Circulation section 6 2026-02-23Central Library, BUET2026-02-2377873 2014-11-02General Book1 2014-11-02Central Library, BUET
624.183 NIL/1986624_183000000000000_NIL_1986   Rental section   2024-12-04Central Library, BUET 77816 1990-10-23Rental Item১০/ক-১ 2024-12-04Central Library, BUET
624.183 NIL/1986624_183000000000000_NIL_1986   Rental section   2024-12-04Central Library, BUET 77817 1990-10-23Rental Item১০/ক-২ 2024-12-04Central Library, BUET
624.183 NIL/1986624_183000000000000_NIL_1986   Rental section   2024-12-04Central Library, BUET 77818 1990-10-23Rental Item১০/ক-৩ 2024-12-04Central Library, BUET
624.183 NIL/1986624_183000000000000_NIL_1986   Rental section   2024-12-04Central Library, BUET 77819 1990-10-23Rental Item১০/ক-৪ 2024-12-04Central Library, BUET
624.183 NIL/1986624_183000000000000_NIL_1986   Rental section   2024-12-04Central Library, BUET 77820 1990-10-23Rental Item১০/ক-৫ 2024-12-04Central Library, BUET
624.183 NIL/1986624_183000000000000_NIL_1986   Rental section   2024-12-04Central Library, BUET 77821 1990-10-23Rental Item১০/ক-৬ 2024-12-04Central Library, BUET
624.183 NIL/1986624_183000000000000_NIL_1986   Rental section   2024-12-04Central Library, BUET 77822 1990-10-23Rental Item১০/ক-৭ 2024-12-04Central Library, BUET
624.183 NIL/1986624_183000000000000_NIL_1986   Rental section   2024-12-04Central Library, BUET 77823 1990-10-23Rental Item১০/ক-৮ 2024-12-04Central Library, BUET
624.183 NIL/1986624_183000000000000_NIL_1986   Rental section   2024-12-04Central Library, BUET 77824 1990-10-23Rental Item১০/ক-৯ 2024-12-04Central Library, BUET
624.183 NIL/1986624_183000000000000_NIL_1986   Rental section   2024-12-04Central Library, BUET 77825 1990-10-23Rental Item১০/ক-১০ 2024-12-04Central Library, BUET
624.183 NIL/1986624_183000000000000_NIL_1986   Rental section   2024-12-04Central Library, BUET 77826 1990-10-23Rental Item১০/ক-১১ 2024-12-04Central Library, BUET
624.183 NIL/1986624_183000000000000_NIL_1986   Rental section   2024-12-04Central Library, BUET 77827 1990-10-23Rental Item১০/ক-১২ 2024-12-04Central Library, BUET
624.183 NIL/1986624_183000000000000_NIL_1986   Rental section   2024-12-04Central Library, BUET 77828 1990-10-23Rental Item১০/ক-১৩ 2024-12-04Central Library, BUET
624.183 NIL/1986624_183000000000000_NIL_1986   Rental section   2024-12-04Central Library, BUET 77829 1990-10-23Rental Item১০/ক-১৪ 2024-12-04Central Library, BUET
624.183 NIL/1986624_183000000000000_NIL_1986   Rental section   2024-12-04Central Library, BUET 77830 1990-10-23Rental Item১০/ক-১৫ 2024-12-04Central Library, BUET
624.183 NIL/1986624_183000000000000_NIL_1986   Rental section   2024-12-04Central Library, BUET 77831 1990-10-23Rental Item১০/ক-১৬ 2024-12-04Central Library, BUET
624.183 NIL/1986624_183000000000000_NIL_1986   Rental section   2024-12-04Central Library, BUET 77832 1990-10-23Rental Item১০/ক-১৭ 2024-12-04Central Library, BUET
624.183 NIL/1986624_183000000000000_NIL_1986   Rental section   2024-12-04Central Library, BUET 77833 1990-10-23Rental Item১০/ক-১৮ 2024-12-04Central Library, BUET
624.183 NIL/1986624_183000000000000_NIL_1986   Rental section   2024-12-04Central Library, BUET 77834 1990-10-23Rental Item১০/ক-১৯ 2024-12-04Central Library, BUET
624.183 NIL/1986624_183000000000000_NIL_1986   Rental section   2024-12-04Central Library, BUET 77835 1990-10-23Rental Item১০/ক-২০ 2024-12-04Central Library, BUET